000
00313nam a22001337a 4500
008
230602b xxu||||| |||| 00| 0 eng d
020
_a
978170765013
082
_a
967.6204HOR
100
_c
CHARLES HORNSBY
245
_a
KENYA
_b
A History Since Independence
260
_a
NY
300
_a
xiii,911p
942
_2
ddc
_c
BK
999
_c
28
_d
28